000 00694nam a22002177a 4500
999 _c6556
_d6556
003 AR-CdUCM
008 190318b ||||| |||| 00| 0 spa d
040 _aMUNICIPALIDAD PROVINCIAL DEL CUSCO
_cBIBLIOTECA MUNICIPAL DEL CUSCO
082 _a030 /
_bG18
110 _aPublicaciones Gente S.A.
_918502
245 _aDiccionario Larousse /
260 _aChile :
_bPublicaciones Gente S.A ,
_c1979.
300 _a 21 tómos ;
_c17.8 cm.
440 _aDiccionarios Larousse
_918503
505 _aContenido : Diccionario en general
650 _aDiccionarios
_95105
650 _aDiccionarios y Compendios
_944039
650 _aDiccionarios Antiguos
_918505
942 _2ddc
_cLIBROS
945 _artm